| 000 | 02144nam0a2200409 i 4500 | ||
|---|---|---|---|
| 001 | RU\NLR\bibl\1990757 | ||
| 005 | 20260406070308.0 | ||
| 010 |
_a9785435800418 _9200 |
||
| 021 |
_aRU _b2012-99576 _97347 |
||
| 035 | _a(NLR Aleph) 001979291 | ||
| 090 |
_a4067123 _c4067123 |
||
| 100 | _a20130123d2012 u y0rusy50 ca | ||
| 101 | 0 |
_arus _deng |
|
| 102 | _aRU | ||
| 105 | _aa ||||||||| | ||
| 200 | 1 |
_aКубанский паводковый кризис _dThe kuban flood crisis _eклимат, геоморфология, прогноз, Крымск, июль 2012 г. _fГ.Г. Матишов, А.В. Клещенков _gРос. акад. наук, Юж. науч. центр, Ин-т арид. зон, Мурм. мор. биол. ин-т КНЦ _zeng |
|
| 210 |
_aРостов-на-Дону _cИзд-во ЮНЦ РАН _d2012 |
||
| 215 |
_a127, [1] с. _cцв. ил. _d30 |
||
| 300 | _aАвт. также на англ. яз.: Matishov G.G. and Kleshenkov A.V. | ||
| 300 | _aРез. на англ. яз. | ||
| 300 | _aНа тит. л.: Юж.-Рус. науч. центр Рос. акад. наук: 10 лет | ||
| 320 | _aБиблиогр.: с. 127-128 | ||
| 510 | 0 |
_6z33790 _aThe kuban flood crisis _zeng |
|
| 606 | 1 |
_aПаводки _yКраснодарский край _92136225 _3RU\NLR\auth\661592453 |
|
| 606 | 1 |
_aНаводнения _yКрымск, город (Краснодарский край) _z2012 _92134946 _3RU\NLR\auth\661591781 |
|
| 686 | _aД225.33(2Р37-4Кр) | ||
| 686 | _aД225.34(2Р37-4Кр) | ||
| 700 | 1 |
_4070 _8rus _7ca _aМатишов _bГ. Г. _f1945- _gГеннадий Григорьевич _3RU\NLR\auth\7726470 _99509 |
|
| 701 | 1 |
_4070 _8rus _7ca _aКлещенков _bА. В. _gАлексей Владимирович _3RU\NLR\auth\77120359 _9103284 |
|
| 790 | 1 |
_4070 _8rus _7ba _aMatišov _bG. G. _f1945- _gGennadij Grigor'evič _3RU\NLR\auth\7757339 _940271 |
|
| 790 | 1 |
_4070 _8rus _7ba _aKleščenkov _bA. V. _gAleksej Vladimirovič _3RU\NLR\auth\77120361 _9103286 |
|
| 801 | 0 |
_aRU _bNLR _c20130123 _gRCR |
|
| 801 | 1 |
_aRU _bNLR _c20130123 |
|
| 830 | _aавт. по кн. | ||
| 942 | _cBOOK | ||
| 980 | _aNBR | ||